000 01007nam a2200325 a 4500
001 000039127
003 DO-SdBNP
005 20250310093918.0
007 ta
008 130527s2010 dr 000 0 spa d
020 _a9789945460650
040 _aDO-SdBNP
_bspa
_cDO-SdBNP
_erda
082 4 _aRD863.44
_bG277d,
_222
100 1 _aGautier, Manuel Salvador,
_d1930-
_eautor
_4aut.
_914947
245 1 0 _aDimensionando a Dios /
_cManuel Salvador Gautier.
250 _a
264 1 _aSanto Domingo :
_bEditora Santuario,
_c2010.
300 _a195 páginas ;
_c23 cm.
336 _atexto
_btxt
_2rdacontent
337 _asin mediación
_bn
_2rdamedia
338 _avolumen
_bnc
_2rdacarrier
500 _aIncluye datos biográficos del autor en las solapas
586 _a
590 _aInventariado, 2020/VM
650 0 _aNovela histórica dominicana.
_9860
650 4 _aLiteratura dominicana.
_967
651 4 _aRepública Dominicana
_xHistoria
_xNovela
_910015
910 _aVM
942 _2ddc
_cLBS1
999 _c48877
_d48877